| 000 | 00651nam a22002297a 4500 | ||
|---|---|---|---|
| 001 | 48371 | ||
| 003 | UA-OsUOA | ||
| 005 | 20210611155236.0 | ||
| 007 | ta | ||
| 008 | 20070904b un ||||| |||| 00| 0 ukr d | ||
| 040 |
_aUA-OsUOA _brus _cUA-OsUOA _dUA-OsUOA |
||
| 041 | _arus | ||
| 080 | _a011 | ||
| 090 |
_a011 _bН62 |
||
| 100 | _aНикифоровская Н. | ||
| 245 | _aБиблиографическое описание в России | ||
| 260 |
_aЛенинград _bНаука _c1978 |
||
| 300 | _a148 с. | ||
| 650 | 7 |
_a01 Бібліографія і бібліографії. Каталоги _2UDC |
|
| 942 |
_cBK _2udc |
||
| 955 | _a1 | ||
| 999 |
_c334478 _d334478 |
||